000 00370nam a2200133Ia 4500
008 151001s9999||||xx |||||||||||||| ||und||
100 _aसत्यजित रे
245 _aगंगटोकमधील गडबड
250 _a1
260 _bरोहन प्रकाशन पुणे
260 _c2010
300 _a103
365 _b18
999 _c996900
_d996897